000 00393nam a2200145Ia 4500
008 210210b1974 xxu||||| |||| 00| 0 eng d
082 _a541.3 JAIM
100 _aJAIN (D V S).
245 _aModern college chemistry. P3- Section B.
260 _aJullundur
_bVishal Publications
_c1974
300 _aiv,219,iv
650 _aPhysical Chemistry
690 _aPhysical Chemistry
906 _a035475
999 _c86004
_d86004